[Event "SVK-ch U20 Girls"]
[Site "Lubovna"]
[Date "2020.08.19"]
[Round "6"]
[White "Jancovicova, Petra"]
[Black "Ucekajova, Veronika"]
[Result "0-1"]
[WhiteElo "1695"]
[BlackElo "1864"]
[PlyCount "120"]
[EventDate "2020.08.15"]
[EventType "swiss"]
[EventRounds "9"]
[EventCountry "SVK"]
[SourceTitle "EXT 2021"]
[Source "ChessBase"]
[SourceDate "2020.10.23"]
[SourceVersion "1"]
[SourceVersionDate "2020.10.23"]
[SourceQuality "1"]

1. e4 e6 2. d4 d5 3. Nc3 Bb4 4. e5 Qd7 5. f4 b6 6. a3 Bxc3+ 7. bxc3 Ba6 8. Bxa6 Nxa6 9. Qd3 Nb8 10. Ne2 Ne7 11. Ng3 h5 12. Qf3 g6 13. h3 Qa4 14. Qd3 Nbc6 15. Bb2 Na5 16. 0-0 Nc4 17. Rfb1 h4 18. Nf1 Nf5 19. Kf2 0-0-0 20. Bc1 a5 21. Rb3 Kb7 22. Rab1 Ka7 23. Ne3 Nfxe3 24. Bxe3 Rb8 25. Bc1 Rh5 26. Be3 Rf5 27. Ke2 Kb7 28. Bd2 Kc6 29. Be3 b5 30. Bc1 Rb6 31. Qd1 Rh5 32. Qe1 Rh8 33. Qd1 Rhb8 34. Qe1 Rh8 35. Qd1 Kd7 36. Qe1 c6 37. Qd1 Rbb8 38. Qd3 Kc7 39. Qd1 Nb6 40. Qd3 Rb7 41. Bd2 Nc8 42. Be3 Ne7 43. Bd2 Nf5 44. Be1 Rbb8 45. Bf2 Rh5 46. Be1 g5 47. fxg5 Rxg5 48. Qf3 Rbg8 49. Bxh4 Qc4+ 50. Kd2 Nxh4 51. Qxf7+ Kb6 52. g4 R5g6 53. Qe7 Nf3+ 54. Kc1 Qf1+ 55. Kb2 Qc4 56. Kc1 Qf1+ 57. Kb2 Qe2 58. Qc5+ Kc7 59. Qd6+ Kb7 60. Qe7+ Kc8 0-1

[Event "SVK-chT2D 1920"]
[Site "Slovakia"]
[Date "2019.10.26"]
[Round "1.6"]
[White "Durica, Daniel"]
[Black "Ucekajova, Veronika"]
[Result "1-0"]
[WhiteElo "1917"]
[BlackElo "1851"]
[PlyCount "55"]
[EventDate "2019.10.26"]
[EventType "team-tourn"]
[EventRounds "11"]
[EventCountry "SVK"]
[SourceTitle "CBM 193 Extra"]
[Source "ChessBase"]
[SourceDate "2020.01.31"]
[SourceVersion "1"]
[SourceVersionDate "2020.01.31"]
[SourceQuality "1"]
[WhiteTeam "Presov Tatran Dason"]
[BlackTeam "Moldava nad Bodvou"]
[WhiteTeamCountry "SVK"]
[BlackTeamCountry "SVK"]

1. d4 e6 2. Nf3 f5 3. g4 fxg4 4. Ne5 Nf6 5. h3 g3 6. fxg3 d6 7. Ng4 Nc6 8. Nc3 Nxg4 9. hxg4 d5 10. Qd3 g6 11. Bf4 Bd6 12. 0-0-0 0-0 13. e3 e5 14. dxe5 Bxe5 15. Bg2 Bxf4 16. Bxd5+ Kg7 17. gxf4 Bxg4 18. Rdg1 Qd7 19. Ne4 h5 20. Qc3+ Kh6 21. Bxc6 bxc6 22. Nf6 Rxf6 23. Qxf6 Rd8 24. f5 Qd2+ 25. Kb1 Rd6 26. Qf8+ Kh7 27. a3 Bxf5 28. Rxh5+ 1-0

[Event "EU-ch U18 Girls"]
[Site "Bratislava"]
[Date "2019.08.10"]
[Round "9"]
[White "Ucekajova, Veronika"]
[Black "Smetisko, Marija"]
[Result "0-1"]
[WhiteElo "1818"]
[BlackElo "1792"]
[PlyCount "34"]
[EventDate "2019.08.02"]
[EventType "swiss"]
[EventRounds "9"]
[EventCountry "SVK"]
[SourceTitle "CBM 191 Extra"]
[Source "ChessBase"]
[SourceDate "2019.09.30"]
[SourceVersion "1"]
[SourceVersionDate "2019.09.30"]
[SourceQuality "1"]

1. e4 e5 2. Nf3 Nc6 3. Bc4 Bc5 4. c3 Nf6 5. d3 d6 6. h3 Be6 7. Bb3 d5 8. exd5 Bxd5 9. 0-0 Qd6 10. Bxd5 Qxd5 11. Nxe5 Nxe5 12. d4 0-0-0 13. Qc2 Nf3+ 14. gxf3 Qxf3 15. dxc5 Rd5 16. Be3 Rh5 17. Qd1 Qxh3 0-1

[Event "EU-ch U18 Girls"]
[Site "Bratislava"]
[Date "2019.08.07"]
[Round "6"]
[White "Ucekajova, Veronika"]
[Black "Sankova, Stella"]
[Result "1-0"]
[WhiteElo "1818"]
[BlackElo "2048"]
[PlyCount "61"]
[EventDate "2019.08.02"]
[EventType "swiss"]
[EventRounds "9"]
[EventCountry "SVK"]
[SourceTitle "CBM 191 Extra"]
[Source "ChessBase"]
[SourceDate "2019.09.30"]
[SourceVersion "1"]
[SourceVersionDate "2019.09.30"]
[SourceQuality "1"]

1. e4 g6 2. d4 Bg7 3. Nf3 d6 4. Nc3 c6 5. a4 Nf6 6. a5 0-0 7. Be2 Qc7 8. 0-0 e5 9. dxe5 dxe5 10. Bc4 Nbd7 11. h3 Nc5 12. Qe2 Be6 13. Ng5 Rfe8 14. Be3 Bxc4 15. Qxc4 Na6 16. Rfd1 Nh5 17. Rd2 h6 18. Nf3 Re7 19. b4 Nf4 20. Rad1 Ne6 21. Qb3 Kh7 22. Na4 Qc8 23. c4 Qe8 24. b5 cxb5 25. cxb5 Nac7 26. b6 axb6 27. Bxb6 Nb5 28. Nc3 Nbd4 29. Nxd4 Nxd4 30. Qa3 Nb5 31. Nxb5 1-0

[Event "SVK-ch op"]
[Site "Ruzomberok"]
[Date "2019.07.07"]
[Round "9"]
[White "Ucekajova, Veronika"]
[Black "Kukan, Michal"]
[Result "1/2-1/2"]
[WhiteElo "1836"]
[BlackElo "1698"]
[PlyCount "90"]
[EventDate "2019.06.29"]
[EventType "swiss"]
[EventRounds "9"]
[EventCountry "SVK"]
[SourceTitle "CBM 191 Extra"]
[Source "ChessBase"]
[SourceDate "2019.09.30"]
[SourceVersion "1"]
[SourceVersionDate "2019.09.30"]
[SourceQuality "1"]

1. e4 c6 2. Nc3 g6 3. d4 Bg7 4. Nf3 d6 5. a4 Nf6 6. a5 0-0 7. Be2 Nbd7 8. 0-0 c5 9. h3 cxd4 10. Nxd4 Nc5 11. f3 d5 12. e5 Nh5 13. f4 Ng3 14. Rf2 Nxe2+ 15. Qxe2 Ne6 16. Be3 Nxd4 17. Bxd4 h5 18. Qf3 Be6 19. g4 hxg4 20. hxg4 f6 21. exf6 Bxf6 22. Bxf6 Rxf6 23. f5 gxf5 24. gxf5 Bxf5 25. Qxd5+ Qxd5 26. Nxd5 Rg6+ 27. Kf1 Bh3+ 28. Ke2 Bg4+ 29. Ke3 Re6+ 30. Kf4 Rf8+ 31. Kg3 Rxf2 32. Kxf2 Kf7 33. b4 Rc6 34. Ne3 Rf6+ 35. Kg3 Bd7 36. c4 Bc6 37. Kg4 e5 38. Rf1 Bd7+ 39. Kg5 Rxf1 40. Nxf1 Bh3 41. Ne3 Ke7 42. Kh4 Be6 43. Kg5 Bc8 44. Nd5+ Kf7 45. Ne3 Be6 1/2-1/2

[Event "SVK-ch op"]
[Site "Ruzomberok"]
[Date "2019.06.30"]
[Round "2"]
[White "Galbavy, Dusan"]
[Black "Ucekajova, Veronika"]
[Result "1/2-1/2"]
[WhiteElo "1704"]
[BlackElo "1836"]
[PlyCount "63"]
[EventDate "2019.06.29"]
[EventType "swiss"]
[EventRounds "9"]
[EventCountry "SVK"]
[SourceTitle "CBM 191 Extra"]
[Source "ChessBase"]
[SourceDate "2019.09.30"]
[SourceVersion "1"]
[SourceVersionDate "2019.09.30"]
[SourceQuality "1"]

1. e4 e6 2. d4 d5 3. Nd2 Nf6 4. e5 Nfd7 5. Bd3 c5 6. c3 Nc6 7. Ne2 cxd4 8. cxd4 f6 9. exf6 Nxf6 10. 0-0 Bd6 11. Nf3 Qc7 12. Bd2 0-0 13. Rc1 Bd7 14. b4 a6 15. Qc2 h6 16. Ng3 Qb6 17. Qb2 Be8 18. a3 Nh5 19. Be3 Nf4 20. Bb1 Ne7 21. Ne5 Bxe5 22. dxe5 Qd8 23. Qd2 Nfg6 24. Bxh6 gxh6 25. Qxh6 Nf5 26. Bxf5 exf5 27. Nh5 Qe7 28. Nf6+ Rxf6 29. exf6 Qxf6 30. Rc7 Bf7 31. Rfc1 Re8 32. Rc8 1/2-1/2

[Event "SVK-ch U16/20 Girls"]
[Site "Liptovsky Mikulas"]
[Date "2019.04.30"]
[Round "9"]
[White "Ucekajova, Veronika"]
[Black "Bidulska, Lenka"]
[Result "1/2-1/2"]
[WhiteElo "1883"]
[BlackElo "1463"]
[PlyCount "59"]
[EventDate "2019.04.23"]
[EventType "swiss"]
[EventRounds "9"]
[EventCountry "SVK"]
[SourceTitle "CBM 190 Extra"]
[Source "ChessBase"]
[SourceDate "2019.07.15"]
[SourceVersion "1"]
[SourceVersionDate "2019.07.15"]
[SourceQuality "1"]

1. e4 e5 2. Nf3 Nc6 3. Bc4 Bc5 4. c3 Nf6 5. d3 0-0 6. Nbd2 d6 7. Bb3 a6 8. h3 Re8 9. Bc2 Be6 10. Qe2 Qe7 11. g4 d5 12. Nf1 Nd7 13. Ng3 f6 14. Nh4 d4 15. Nhf5 Bxf5 16. Nxf5 Qd8 17. Rg1 Ne7 18. Bb3+ Kh8 19. g5 Nxf5 20. exf5 fxg5 21. Bxg5 Be7 22. Qh5 Nf6 23. Qh4 dxc3 24. Bh6 Bf8 25. Qg5 Qe7 26. bxc3 Nd7 27. Qg4 Nc5 28. Qc4 Nxb3 29. axb3 Qf6 30. Be3 1/2-1/2

[Event "SVK-ch U16/20 Girls"]
[Site "Liptovsky Mikulas"]
[Date "2019.04.29"]
[Round "8"]
[White "Sankova, Stella"]
[Black "Ucekajova, Veronika"]
[Result "1-0"]
[WhiteElo "2019"]
[BlackElo "1883"]
[PlyCount "79"]
[EventDate "2019.04.23"]
[EventType "swiss"]
[EventRounds "9"]
[EventCountry "SVK"]
[SourceTitle "CBM 190 Extra"]
[Source "ChessBase"]
[SourceDate "2019.07.15"]
[SourceVersion "1"]
[SourceVersionDate "2019.07.15"]
[SourceQuality "1"]

1. e4 e6 2. d4 d5 3. Nc3 Bb4 4. exd5 exd5 5. Bd3 Nc6 6. a3 Bxc3+ 7. bxc3 Nge7 8. Qh5 Qd6 9. Ne2 g6 10. Qf3 Bf5 11. Bf4 Qd7 12. 0-0 0-0-0 13. Rfb1 Bxd3 14. cxd3 Na5 15. Be5 f6 16. Qxf6 Rhf8 17. Qg7 Nf5 18. Qxd7+ Rxd7 19. Nf4 a6 20. Ne6 Re8 21. Nc5 Rde7 22. Rb2 Nd6 23. a4 Nf7 24. f4 g5 25. g3 gxf4 26. gxf4 Rg8+ 27. Rg2 Ree8 28. Raa2 Nd6 29. Rxg8 Rxg8+ 30. Rg2 Rxg2+ 31. Kxg2 b5 32. axb5 axb5 33. Kf3 Kd8 34. Ne6+ Kc8 35. Kg4 Nc6 36. f5 Ne7 37. Bxd6 cxd6 38. f6 Ng6 39. f7 Kd7 40. f8Q 1-0

[Event "SVK-ch U16/20 Girls"]
[Site "Liptovsky Mikulas"]
[Date "2019.04.28"]
[Round "7"]
[White "Simonova, Stela"]
[Black "Ucekajova, Veronika"]
[Result "0-1"]
[WhiteElo "1712"]
[BlackElo "1883"]
[PlyCount "116"]
[EventDate "2019.04.23"]
[EventType "swiss"]
[EventRounds "9"]
[EventCountry "SVK"]
[SourceTitle "CBM 190 Extra"]
[Source "ChessBase"]
[SourceDate "2019.07.15"]
[SourceVersion "1"]
[SourceVersionDate "2019.07.15"]
[SourceQuality "1"]

1. d4 Nf6 2. Nf3 e6 3. Bf4 b6 4. e3 Bb7 5. Nbd2 Be7 6. h3 d6 7. Bd3 Nbd7 8. 0-0 0-0 9. Re1 c5 10. c3 cxd4 11. exd4 a6 12. Qe2 Re8 13. Ne4 Nxe4 14. Bxe4 Qc7 15. Bxb7 Qxb7 16. Qe4 Qxe4 17. Rxe4 Nf6 18. Re2 Nd5 19. Bg3 b5 20. Nd2 Red8 21. a4 Kf8 22. Kf1 Ke8 23. axb5 axb5 24. Ree1 Nb6 25. Ke2 Na4 26. Rab1 d5 27. Kd3 Rdc8 28. Rec1 Nb6 29. Ra1 Bg5 30. f4 Be7 31. Bf2 Bd6 32. Be3 Kd7 33. g4 h6 34. Rf1 b4 35. Rfc1 bxc3 36. bxc3 Na4 37. Rab1 Rc7 38. Rb3 Rac8 39. Nb1 Rc6 40. Rb7+ R8c7 41. Rb3 Nb6 42. Nd2 Nc4 43. Nf3 Ra6 44. Rcb1 Ra2 45. Rb7 f6 46. Rxc7+ Kxc7 47. Re1 Rg2 48. Nd2 Nxe3 49. Kxe3 Rg3+ 50. Kf2 Bxf4 51. Rxe6 Kd7 52. Re2 Rxh3 53. Nf3 Rg3 54. Ra2 Rxg4 55. Ra5 Ke6 56. Rc5 Bg3+ 57. Ke2 Bd6 58. Rc6 h5 0-1

[Event "SVK-chT2D 1819"]
[Site "Slovakia"]
[Date "2019.03.02"]
[Round "8.5"]
[White "Ucekajova, Veronika"]
[Black "Pollak, Rudolf"]
[Result "1-0"]
[WhiteElo "1900"]
[BlackElo "1799"]
[PlyCount "139"]
[EventDate "2018.10.13"]
[EventType "team-tourn"]
[EventRounds "11"]
[EventCountry "SVK"]
[SourceTitle "CBM 189 Extra"]
[Source "ChessBase"]
[SourceDate "2019.06.03"]
[SourceVersion "1"]
[SourceVersionDate "2019.06.03"]
[SourceQuality "1"]
[WhiteTeam "Moldava nad Bodvou"]
[BlackTeam "Bardejov BSK II"]
[WhiteTeamCountry "SVK"]
[BlackTeamCountry "SVK"]

1. e4 e5 2. Nf3 Nc6 3. Bc4 Be7 4. 0-0 Nf6 5. d3 h6 6. c3 0-0 7. Nbd2 d6 8. Re1 a6 9. Bb3 b5 10. Nf1 Na5 11. Bc2 c5 12. Ng3 Re8 13. h3 Nc6 14. d4 cxd4 15. cxd4 Bb7 16. d5 Nb8 17. Nf5 Bf8 18. a4 Nbd7 19. a5 Kh7 20. Qd2 Ng8 21. g4 Rc8 22. b4 g6 23. Ne3 Qf6 24. Kg2 Rc7 25. Bd3 Rec8 26. Bb2 Qf4 27. Rac1 Ndf6 28. Rxc7 Rxc7 29. Nf1 Qxd2 30. N3xd2 h5 31. g5 Ne8 32. Nb1 Be7 33. Kg3 Bc8 34. h4 Bf8 35. Rc1 Rxc1 36. Bxc1 Bd7 37. Nc3 Nc7 38. Be3 Be7 39. Bb6 Na8 40. Ba7 Bd8 41. Nd2 Ne7 42. f3 Nc8 43. Bf2 Kg7 44. Nb3 f6 45. f4 fxg5 46. hxg5 exf4+ 47. Kxf4 Kf7 48. Nd4 Nc7 49. Nf3 Ne7 50. Bb6 Ke8 51. Nh4 Kf7 52. Be2 Bc8 53. Bf3 Bb7 54. e5 Ncxd5+ 55. Nxd5 dxe5+ 56. Kxe5 Bxb6 57. Nxb6 Bxf3 58. Nxf3 Nc6+ 59. Kd6 Nxb4 60. Nd5 Nd3 61. Ne5+ Nxe5 62. Kxe5 h4 63. Kf4 Ke6 64. Nb4 h3 65. Kg3 Kf5 66. Kxh3 Kxg5 67. Kg3 Kf5 68. Nxa6 Ke5 69. Nb4 Kd6 70. a6 1-0

[Event "SVK-chT2D 1819"]
[Site "Slovakia"]
[Date "2018.12.15"]
[Round "5.5"]
[White "Belis, Rudolf"]
[Black "Ucekajova, Veronika"]
[Result "0-1"]
[WhiteElo "1957"]
[BlackElo "1900"]
[PlyCount "128"]
[EventDate "2018.10.13"]
[EventType "team-tourn"]
[EventRounds "11"]
[EventCountry "SVK"]
[SourceTitle "CBM 189 Extra"]
[Source "ChessBase"]
[SourceDate "2019.06.03"]
[SourceVersion "1"]
[SourceVersionDate "2019.06.03"]
[SourceQuality "1"]
[WhiteTeam "Presov Tatran Dason"]
[BlackTeam "Moldava nad Bodvou"]
[WhiteTeamCountry "SVK"]
[BlackTeamCountry "SVK"]

1. e4 e6 2. d4 d5 3. e5 c5 4. c3 Qb6 5. Nf3 Nc6 6. Be2 cxd4 7. cxd4 Bd7 8. 0-0 Nge7 9. Nc3 Nf5 10. Na4 Qa5 11. Bd2 Bb4 12. Bxb4 Qxb4 13. a3 Qa5 14. b4 Qd8 15. Nc5 b6 16. Nb3 0-0 17. Qd2 Rc8 18. Rac1 Nb8 19. Rc3 Rxc3 20. Qxc3 Qc8 21. Rc1 Qb7 22. Bd3 Rc8 23. Qd2 Ba4 24. Rc3 Rxc3 25. Qxc3 Qc6 26. Qxc6 Nxc6 27. Bxf5 Bxb3 28. Bd3 Bc4 29. Bxc4 dxc4 30. Kf1 b5 31. Ke2 f6 32. exf6 gxf6 33. Ke3 Kf7 34. g4 Ke7 35. h4 h6 36. Nd2 Kd6 37. Ne4+ Ke7 38. Nc3 a6 39. Ke4 Kd6 40. f4 Ne7 41. Ne2 f5+ 42. Kf3 fxg4+ 43. Kxg4 Kd5 44. Kh5 Nf5 45. Kg6 Nxh4+ 46. Kxh6 Nf5+ 47. Kg6 Nxd4 48. Nc3+ Kd6 49. Kf6 Nc2 50. Nb1 Kd5 51. Ke7 Ke4 52. Kxe6 Kxf4 53. Kd5 Ke3 54. Kc5 Kd3 55. Kb6 Nd4 56. a4 Kc2 57. Na3+ Kb2 58. axb5 axb5 59. Nxb5 Nxb5 60. Kxb5 c3 61. Ka6 c2 62. b5 c1Q 63. b6 Qc8+ 64. b7 Qb8 0-1

[Event "Banska Stiavnica V4 op"]
[Site "Banska Stiavnica"]
[Date "2018.07.10"]
[Round "4"]
[White "Ucekajova, Veronika"]
[Black "Bronis, Marian"]
[Result "1/2-1/2"]
[WhiteElo "1892"]
[BlackElo "2101"]
[PlyCount "40"]
[EventDate "2018.07.07"]
[EventType "swiss"]
[EventRounds "9"]
[EventCountry "SVK"]
[SourceTitle "CBM 185 Extra"]
[Source "ChessBase"]
[SourceDate "2018.07.29"]
[SourceVersion "1"]
[SourceVersionDate "2018.07.29"]
[SourceQuality "1"]

1. e4 g6 2. d4 Bg7 3. Nf3 d6 4. Nc3 Nf6 5. Be2 Nc6 6. 0-0 0-0 7. h3 e5 8. dxe5 Nxe5 9. Nxe5 dxe5 10. Bg5 c6 11. Qxd8 Rxd8 12. Rad1 Be6 13. Rxd8+ Rxd8 14. Rd1 Rxd1+ 15. Bxd1 Nd7 16. a3 Bf8 17. Bg4 f5 18. exf5 gxf5 19. Be2 a5 20. Bd8 Bh6 1/2-1/2

[Event "SVK-ch U16/U20 Girls"]
[Site "Liptovsky Mikulas"]
[Date "2018.04.24"]
[Round "5"]
[White "Ucekajova, Veronika"]
[Black "Cabanova, Kristina"]
[Result "1-0"]
[WhiteElo "1802"]
[BlackElo "1713"]
[PlyCount "45"]
[EventDate "2018.04.21"]
[EventType "swiss"]
[EventRounds "9"]
[EventCountry "SVK"]
[SourceTitle "CBM 184 Extra"]
[Source "ChessBase"]
[SourceDate "2018.06.28"]
[SourceVersion "1"]
[SourceVersionDate "2018.06.28"]
[SourceQuality "1"]

1. e4 e6 2. d3 d5 3. Nd2 c5 4. Ngf3 Nc6 5. g3 dxe4 6. dxe4 Nf6 7. Bg2 Be7 8. 0-0 0-0 9. Re1 Qc7 10. e5 Nd7 11. Qe2 Rd8 12. Nf1 b6 13. h4 Bb7 14. c3 a6 15. N1h2 b5 16. Ng4 Nb6 17. h5 Bf8 18. h6 Ne7 19. hxg7 Bxg7 20. Bh6 Bxh6 21. Nxh6+ Kg7 22. Nxf7 Rf8 23. N3g5 1-0

[Event "SVK-chT2D 1718"]
[Site "Slovakia"]
[Date "2018.03.17"]
[Round "10.8"]
[White "Smizansky, Jozef"]
[Black "Ucekajova, Veronika"]
[Result "1/2-1/2"]
[WhiteElo "1861"]
[BlackElo "1802"]
[PlyCount "24"]
[EventDate "2017.10.28"]
[EventType "team-tourn"]
[EventRounds "11"]
[EventCountry "SVK"]
[SourceTitle "EXT 2020"]
[Source "ChessBase"]
[SourceDate "2019.10.17"]
[SourceVersion "1"]
[SourceVersionDate "2019.10.17"]
[SourceQuality "1"]
[WhiteTeam "Spisska Nova Ves"]
[BlackTeam "Moldava nad Bodvou"]
[WhiteTeamCountry "SVK"]
[BlackTeamCountry "SVK"]

1. e4 e6 2. d4 d5 3. Nc3 Nf6 4. Bg5 Be7 5. e5 Nfd7 6. h4 h6 7. Qh5 g6 8. Bxe7 Qxe7 9. Qe2 a6 10. 0-0-0 c5 11. Nf3 Nc6 12. dxc5 Nxc5 1/2-1/2

[Event "SVK-chT2D 1718"]
[Site "Slovakia"]
[Date "2018.02.25"]
[Round "9.7"]
[White "Butala, Stefan"]
[Black "Ucekajova, Veronika"]
[Result "0-1"]
[WhiteElo "1890"]
[BlackElo "1795"]
[PlyCount "146"]
[EventDate "2017.10.28"]
[EventType "team-tourn"]
[EventRounds "11"]
[EventCountry "SVK"]
[SourceTitle "EXT 2019"]
[Source "ChessBase"]
[SourceDate "2018.10.10"]
[SourceVersion "1"]
[SourceVersionDate "2018.10.10"]
[SourceQuality "1"]
[WhiteTeam "Velke Kapusany"]
[BlackTeam "Moldava nad Bodvou"]
[WhiteTeamCountry "SVK"]
[BlackTeamCountry "SVK"]

1. d4 Nf6 2. Nf3 g6 3. Bf4 Bg7 4. h3 0-0 5. e3 d6 6. Be2 c5 7. c3 Qb6 8. Qc1 cxd4 9. exd4 Bf5 10. 0-0 Nc6 11. Nbd2 Rac8 12. Nc4 Qd8 13. Rd1 Nd5 14. Bh6 b5 15. Bxg7 Kxg7 16. Ne3 Nxe3 17. Qxe3 b4 18. d5 bxc3 19. dxc6 cxb2 20. Qd4+ Kg8 21. Qxb2 Rxc6 22. Nd4 Rc5 23. Rac1 Rxc1 24. Rxc1 Be4 25. Bf3 Bxf3 26. Nxf3 Qa5 27. Qe2 e6 28. Qd2 Qxd2 29. Nxd2 Rb8 30. Nb3 Rb7 31. Kf1 Kg7 32. Ke2 Kf6 33. Rc3 Rb4 34. Kd3 Rf4 35. f3 Ra4 36. Rc2 Ke5 37. Kc3 d5 38. Re2+ Kf5 39. Rd2 Rc4+ 40. Kb2 Ke5 41. Na5 Ra4 42. Nb3 Rc4 43. Re2+ Kf5 44. Nd2 Rd4 45. Kb3 e5 46. a4 e4 47. fxe4+ dxe4 48. a5 Kf4 49. Kc3 Rd3+ 50. Kc2 f5 51. Nc4 Kg3 52. a6 Rd4 53. Kc3 Rd1 54. Kb4 Rg1 55. Kc5 Rxg2 56. Re3+ Kf4 57. Rb3 Ra2 58. Kb5 g5 59. Ne3 g4 60. hxg4 fxg4 61. Nd5+ Kg5 62. Nc3 Ra1 63. Nxe4+ Kf4 64. Ng3 Ra2 65. Nh5+ Kg5 66. Ng3 h5 67. Ne4+ Kf4 68. Nf6 Kg5 69. Ne4+ Kh4 70. Ng3 Rg2 71. Nf5+ Kg5 72. Nd6 h4 73. Nc8 h3 0-1

[Event "SVK-ch U16/20 Girls"]
[Site "Liptovsky Mikulas"]
[Date "2017.04.26"]
[Round "7"]
[White "Ucekajova, Veronika"]
[Black "Majirska, Karin"]
[Result "0-1"]
[WhiteElo "1665"]
[BlackElo "1451"]
[PlyCount "52"]
[EventDate "2017.04.22"]
[EventType "swiss"]
[EventRounds "9"]
[EventCountry "SVK"]
[SourceTitle "CBM 178 Extra"]
[Source "ChessBase"]
[SourceDate "2017.06.22"]
[SourceVersion "1"]
[SourceVersionDate "2017.06.22"]
[SourceQuality "1"]

1. f4 d5 2. Nf3 Nf6 3. e3 Bf5 4. Be2 Nc6 5. c3 Qd7 6. d4 0-0-0 7. Nbd2 h6 8. Nb3 Ne4 9. Bb5 Qd6 10. Qe2 f6 11. Bd2 g5 12. 0-0-0 e6 13. Bxc6 Qxc6 14. fxg5 hxg5 15. Be1 Bb4 16. Nc5 Nxc5 17. dxc5 Bxc5 18. Nd4 Bxd4 19. exd4 Qa4 20. a3 Qb3 21. Bg3 Qa2 22. Qb5 Qb1+ 23. Kd2 Qc2+ 24. Ke1 Bg4 25. Ra1 a6 26. Qf1 Qxb2 0-1

[Event "SVK-ch U16/20 Girls"]
[Site "Liptovsky Mikulas"]
[Date "2017.04.24"]
[Round "4"]
[White "Trojkova, Michaela"]
[Black "Ucekajova, Veronika"]
[Result "1/2-1/2"]
[WhiteElo "1643"]
[BlackElo "1665"]
[PlyCount "42"]
[EventDate "2017.04.22"]
[EventType "swiss"]
[EventRounds "9"]
[EventCountry "SVK"]
[SourceTitle "CBM 178 Extra"]
[Source "ChessBase"]
[SourceDate "2017.06.22"]
[SourceVersion "1"]
[SourceVersionDate "2017.06.22"]
[SourceQuality "1"]

1. d4 Nf6 2. c4 g6 3. Nf3 Bg7 4. Nc3 0-0 5. e4 d6 6. Be3 e5 7. dxe5 dxe5 8. Qxd8 Rxd8 9. Be2 Nc6 10. Rd1 Rxd1+ 11. Bxd1 a6 12. 0-0 b5 13. cxb5 axb5 14. Nxb5 Rxa2 15. Nxc7 Rxb2 16. Ba4 Na5 17. Nxe5 Nxe4 18. Nc6 Nxc6 19. Bxc6 Rc2 20. Bxe4 Rxc7 21. Rc1 Rxc1+ 1/2-1/2

[Event "SVK-ch U16/20 Girls"]
[Site "Liptovsky Mikulas"]
[Date "2017.04.22"]
[Round "1"]
[White "Ucekajova, Veronika"]
[Black "Sucikova, Svetlana"]
[Result "0-1"]
[WhiteElo "1665"]
[BlackElo "2030"]
[PlyCount "40"]
[EventDate "2017.04.22"]
[EventType "swiss"]
[EventRounds "9"]
[EventCountry "SVK"]
[SourceTitle "CBM 178 Extra"]
[Source "ChessBase"]
[SourceDate "2017.06.22"]
[SourceVersion "1"]
[SourceVersionDate "2017.06.22"]
[SourceQuality "1"]

1. e4 c6 2. Nc3 d5 3. Nf3 Bg4 4. h3 Bxf3 5. Qxf3 e6 6. exd5 cxd5 7. Bb5+ Nc6 8. 0-0 Bd6 9. Re1 Nge7 10. b3 0-0 11. Bd3 Ng6 12. Bb2 Qg5 13. Qg4 Qxd2 14. Bxg6 hxg6 15. Re2 Qh6 16. Nb5 Bf4 17. g3 Bb8 18. Nd4 Ne5 19. Bc1 Nxg4 20. Bxh6 Nxh6 0-1

[Event "SVK-ch U14 Girls"]
[Site "Stara Lubovna"]
[Date "2014.04.11"]
[Round "6"]
[White "Ucekajova, Veronika"]
[Black "Liscinska, Lucia"]
[Result "0-1"]
[WhiteElo "1662"]
[BlackElo "1579"]
[PlyCount "118"]
[EventDate "2014.04.05"]
[EventType "swiss"]
[EventRounds "7"]
[EventCountry "SVK"]
[SourceTitle "EXT 2016"]
[Source "ChessBase"]
[SourceDate "2015.10.08"]
[SourceVersion "1"]
[SourceVersionDate "2015.10.08"]
[SourceQuality "1"]

1. Nf3 d5 2. g3 Nf6 3. Bg2 e6 4. 0-0 Be7 5. d4 0-0 6. Nbd2 c5 7. Re1 Nc6 8. c3 Qc7 9. Nb3 cxd4 10. cxd4 Nb4 11. Bf4 Bd6 12. Bxd6 Qxd6 13. a3 Nc6 14. Rc1 Bd7 15. Nc5 Rab8 16. b4 b6 17. Nd3 Rfc8 18. Nde5 Ne4 19. Qd3 Ne7 20. Nxd7 Qxd7 21. Ne5 Qb7 22. f3 Nd6 23. e4 Rxc1 24. Rxc1 Rc8 25. Rxc8+ Qxc8 26. exd5 Nxd5 27. Kf2 Qc1 28. f4 Qb2+ 29. Kf3 Nf5 30. Nc6 Nde3 31. Qe2 Qxa3 32. Ne7+ Kf8 33. Nxf5 Nxf5+ 34. Kg4 Qxb4 35. d5 Nh6+ 36. Kh3 exd5 37. Bxd5 Qd6 38. Bc4 Qd7+ 39. Kg2 Qc6+ 40. Kg1 a5 41. Bb5 Qc5+ 42. Kg2 Qd5+ 43. Kg1 Qe6 44. Qd2 Ke7 45. Qc3 Nf5 46. g4 Qe3+ 47. Qxe3+ Nxe3 48. h3 Nd5 49. f5 Nc3 50. Bd3 a4 51. Kf2 a3 52. Bc4 b5 53. Bb3 a2 54. Bxa2 Nxa2 55. Ke3 b4 56. Kd3 b3 57. Kd2 Kf6 58. h4 h5 59. gxh5 Kxf5 0-1

[Event "SVK-ch U14 Girls"]
[Site "Stara Lubovna"]
[Date "2014.04.10"]
[Round "5"]
[White "Nadzamova, Sofia"]
[Black "Ucekajova, Veronika"]
[Result "1/2-1/2"]
[WhiteElo "1609"]
[BlackElo "1662"]
[PlyCount "74"]
[EventDate "2014.04.05"]
[EventType "swiss"]
[EventRounds "7"]
[EventCountry "SVK"]
[SourceTitle "EXT 2016"]
[Source "ChessBase"]
[SourceDate "2015.10.08"]
[SourceVersion "1"]
[SourceVersionDate "2015.10.08"]
[SourceQuality "1"]

1. e4 Nc6 2. Nf3 d5 3. exd5 Qxd5 4. Nc3 Qa5 5. Bc4 Bg4 6. h3 Bh5 7. d3 Nf6 8. Bd2 e6 9. g4 Bg6 10. Nd5 Bb4 11. Nxb4 Nxb4 12. a3 Nxc2+ 13. Qxc2 Qb6 14. Ne5 0-0-0 15. Nxg6 hxg6 16. Be3 Qc6 17. 0-0-0 a6 18. Kb1 Nxg4 19. Rc1 Nxe3 20. fxe3 Rd7 21. Qc3 f6 22. d4 g5 23. Qd3 Kd8 24. Qc3 Qe4+ 25. Ka1 g4 26. Qd3 Qxd3 27. Bxd3 Rxh3 28. Rxh3 gxh3 29. Bf1 h2 30. Bh3 g5 31. Rh1 Rh7 32. Bxe6 Re7 33. Bf5 Rxe3 34. Rxh2 Re1+ 35. Ka2 Rd1 36. Rh6 Rxd4 37. Rg6 Rf4 1/2-1/2